000
00284nam a2200109Ia 4500
008
220204s9999 xx 000 0 und d
082
_a
339.1(540)
_b
JAR
100
_a
Jariwala, C M
245
0
_a
Freedom of interstate trade in India
260
_a
New Delhi
_b
Sterling
_c
1975
942
_c
BK
999
_c
32516
_d
32516